[Event "CZE-chT2F 2223"]
[Site "Czech Republic"]
[Date "2022.12.04"]
[Round "4"]
[White "Zadrapa, Jakub"]
[Black "Mitura, Karel"]
[Result "0-1"]
[WhiteElo "1774"]
[BlackElo "2103"]
[PlyCount "76"]
[EventDate "2022.10.16"]
[EventType "team-tourn"]
[EventRounds "11"]
[EventCountry "CZE"]
[SourceTitle "EXT 2024"]
[Source "ChessBase"]
[SourceDate "2023.10.10"]
[SourceVersion "1"]
[SourceVersionDate "2023.10.10"]
[SourceQuality "1"]
[WhiteTeam "Vsetin"]
[BlackTeam "Cesky Tesin Slavoj"]
[WhiteTeamCountry "CZE"]
[BlackTeamCountry "CZE"]

1. e4 c5 2. Nf3 a6 3. d4 cxd4 4. Nxd4 Nf6 5. Nc3 e5 6. Nb3 Bb4 7. Bd3 d5 8. exd5 Nxd5 9. Bd2 Nxc3 10. bxc3 Be7 11. 0-0 Nc6 12. Qh5 Be6 13. Rfe1 g6 14. Qh6 f5 15. Rad1 Qc7 16. Bc1 0-0-0 17. Qe3 e4 18. Be2 Bd6 19. h3 Rhe8 20. Qg5 Be5 21. Bb2 Bf4 22. Qf6 e3 23. fxe3 Bxe3+ 24. Kh1 Rxd1 25. Rxd1 Qg3 26. Bc1 Bxb3 27. Bxe3 Qxe3 28. Bxa6 Qe6 29. Bxb7+ Kxb7 30. Qh4 Bd5 31. Qxh7+ Re7 32. Rb1+ Kc7 33. Qh6 Qe5 34. Qg5 f4 35. Qg4 Rf7 36. Qh4 f3 37. Qa4 fxg2+ 38. Kg1 Qe3+ 0-1

[Event "CZE-chT1E 1819"]
[Site "Czech Republic"]
[Date "2019.03.24"]
[Round "10.7"]
[White "Mojzis, Jaroslav"]
[Black "Mitura, Karel"]
[Result "1-0"]
[WhiteElo "2094"]
[BlackElo "2168"]
[PlyCount "67"]
[EventDate "2018.10.21"]
[EventType "team-tourn"]
[EventRounds "11"]
[EventCountry "CZE"]
[SourceTitle "CBM 189 Extra"]
[Source "ChessBase"]
[SourceDate "2019.06.03"]
[SourceVersion "1"]
[SourceVersionDate "2019.06.03"]
[SourceQuality "1"]
[WhiteTeam "Polabiny III"]
[BlackTeam "Hostalkova"]
[WhiteTeamCountry "CZE"]
[BlackTeamCountry "CZE"]

1. d4 c5 2. Nf3 e6 3. g3 Nf6 4. Bg2 d5 5. 0-0 Nc6 6. c4 dxc4 7. Qa4 Bd7 8. Qxc4 Qb6 9. dxc5 Qxc5 10. Na3 Rc8 11. Bg5 Qxc4 12. Nxc4 Nd5 13. Rac1 f6 14. Bd2 Be7 15. Rfd1 Rf8 16. a3 Kf7 17. e4 Nc7 18. Na5 Nxa5 19. Bxa5 Ba4 20. b3 Bc6 21. Nd4 Bxa3 22. Nxc6 Bxc1 23. Nxa7 Na6 24. Nxc8 Rxc8 25. Rd7+ Kg6 26. Rxb7 Nc5 27. Rb5 e5 28. Bh3 Rc6 29. Bf5+ Kh6 30. b4 Nb3 31. Bd8 Ba3 32. Rb7 Rd6 33. Be7 Rd4 34. Bf8 1-0

[Event "CZE-chT1E 1819"]
[Site "Czech Republic"]
[Date "2019.03.03"]
[Round "9.7"]
[White "Mitura, Karel"]
[Black "Kostka, Vit"]
[Result "1/2-1/2"]
[WhiteElo "2168"]
[BlackElo "2146"]
[PlyCount "67"]
[EventDate "2018.10.21"]
[EventType "team-tourn"]
[EventRounds "11"]
[EventCountry "CZE"]
[SourceTitle "CBM 189 Extra"]
[Source "ChessBase"]
[SourceDate "2019.06.03"]
[SourceVersion "1"]
[SourceVersionDate "2019.06.03"]
[SourceQuality "1"]
[WhiteTeam "Hostalkova"]
[BlackTeam "Orlova Slavia"]
[WhiteTeamCountry "CZE"]
[BlackTeamCountry "CZE"]

1. e4 c5 2. Nc3 a6 3. f4 b5 4. Nf3 Bb7 5. d3 e6 6. g3 d5 7. exd5 exd5 8. Bg2 Nf6 9. 0-0 Be7 10. d4 0-0 11. Kh1 Ne4 12. Ne2 Nc6 13. Be3 Bf6 14. g4 Re8 15. g5 Bxd4 16. Bxd4 cxd4 17. Nexd4 Qd6 18. Nxc6 Qxc6 19. Nd4 Qb6 20. Qd3 Rac8 21. Rad1 Rc4 22. Rf3 Qc5 23. a3 a5 24. h3 b4 25. a4 Qb6 26. Kh2 Qc7 27. h4 Qd6 28. Nf5 Qb6 29. Ne3 Rcc8 30. Qd4 Qxd4 31. Rxd4 Rc5 32. Bf1 g6 33. Bd3 Bc6 34. f5 1/2-1/2

[Event "CZE-chT1E 1819"]
[Site "Czech Republic"]
[Date "2018.11.25"]
[Round "3.8"]
[White "Mitura, Karel"]
[Black "Horsak, Jan"]
[Result "0-1"]
[WhiteElo "2168"]
[BlackElo "2031"]
[PlyCount "94"]
[EventDate "2018.10.21"]
[EventType "team-tourn"]
[EventRounds "11"]
[EventCountry "CZE"]
[SourceTitle "CBM 187 Extra"]
[Source "ChessBase"]
[SourceDate "2018.11.04"]
[SourceVersion "1"]
[SourceVersionDate "2018.11.04"]
[SourceQuality "1"]
[WhiteTeam "Hostalkova"]
[BlackTeam "Stare Mesto"]
[WhiteTeamCountry "CZE"]
[BlackTeamCountry "CZE"]

1. e4 d6 2. d4 Nf6 3. Nc3 g6 4. g3 Bg7 5. Bg2 0-0 6. Nge2 c6 7. 0-0 Na6 8. h3 e5 9. Be3 Be6 10. Qd2 b5 11. f4 b4 12. Nd1 Bc4 13. Re1 Nh5 14. Kh2 Nc7 15. f5 Nb5 16. c3 Rb8 17. Bf3 Bxe2 18. Rxe2 bxc3 19. bxc3 exd4 20. cxd4 c5 21. Bxh5 Nxd4 22. Rf2 gxh5 23. Nc3 Qf6 24. Rc1 Qe5 25. Bf4 Qe7 26. Re1 Qd7 27. f6 Bxf6 28. Nd5 Bg7 29. Bh6 Ne6 30. Bxg7 Kxg7 31. Rf6 Qa4 32. Re2 Qd4 33. Qh6+ Kh8 34. Qxh5 Rb1 35. Rg2 Qa1 36. g4 Rh1+ 37. Kg3 Qe1+ 38. Rgf2 Rg1+ 39. Kh4 Rg2 40. Qf5 Rxf2 41. Qxf2 Qxe4 42. Rf5 Nd4 43. Rxf7 Nf3+ 44. Rxf3 Rxf3 45. Qb2+ Qe5 46. Qb8+ Kg7 47. Qxa7+ Kh6 0-1

[Event "CZE-chT2B 1718"]
[Site "Czech Republic"]
[Date "2017.12.17"]
[Round "5.4"]
[White "Hlavacek, Tomas"]
[Black "Mitura, Karel"]
[Result "0-1"]
[WhiteElo "2013"]
[BlackElo "2153"]
[PlyCount "146"]
[EventDate "2017.10.15"]
[EventType "team-tourn"]
[EventRounds "11"]
[EventCountry "CZE"]
[SourceTitle "EXT 2022"]
[Source "ChessBase"]
[SourceDate "2021.10.06"]
[SourceVersion "1"]
[SourceVersionDate "2021.10.06"]
[SourceQuality "1"]
[WhiteTeam "Zizkov"]
[BlackTeam "Neratovice III"]
[WhiteTeamCountry "CZE"]
[BlackTeamCountry "CZE"]

1. e4 c5 2. Ne2 a6 3. c4 Nc6 4. d4 e6 5. Nbc3 cxd4 6. Nxd4 Bc5 7. Nb3 Ba7 8. Be2 Nf6 9. Bg5 h6 10. Bh4 0-0 11. 0-0 d6 12. Bg3 e5 13. Kh1 g5 14. f3 Nh5 15. Bf2 Nf4 16. Bxa7 Rxa7 17. Qd2 Ne6 18. Rfd1 Ned4 19. Nxd4 Nxd4 20. Bf1 b6 21. Ne2 Nc6 22. Rac1 Be6 23. Rc3 Rd7 24. b3 Qc7 25. Rd3 Rfd8 26. Ng3 f6 27. Qc3 Kf7 28. b4 Ne7 29. Rc1 a5 30. a3 axb4 31. axb4 Ra8 32. Rdd1 Qc6 33. Ra1 Rxa1 34. Rxa1 Rc7 35. Rc1 Kg6 36. Bd3 Qd7 37. Qd2 h5 38. Qe3 Rc6 39. c5 Qd8 40. Bb5 Rc8 41. c6 h4 42. Ne2 Kg7 43. Qd3 d5 44. exd5 Qxd5 45. Qxd5 Nxd5 46. Ba6 Rc7 47. b5 Ra7 48. Nc3 Nc7 49. Ra1 Bc8 50. Ra4 Nxa6 51. bxa6 Rxa6 52. c7 Ra5 53. Rxa5 bxa5 54. Na4 Be6 55. Nb6 Kf8 56. Kg1 Ke7 57. c8Q Bxc8 58. Nxc8+ Kd7 59. Nb6+ Kc6 60. Nc4 Kb5 61. Nb2 a4 62. Nxa4 Kxa4 63. Kf2 Kb4 64. Ke3 f5 65. g4 hxg3 66. hxg3 Kc4 67. Ke2 Kd4 68. Kd2 f4 69. gxf4 gxf4 70. Ke2 Kc3 71. Ke1 Kd3 72. Kf1 Ke3 73. Kg2 Ke2 0-1

[Event "CZE-chT2B 1718"]
[Site "Czech Republic"]
[Date "2017.12.03"]
[Round "4.6"]
[White "Mitura, Karel"]
[Black "Bores, Roman"]
[Result "1/2-1/2"]
[WhiteElo "2153"]
[BlackElo "2135"]
[PlyCount "46"]
[EventDate "2017.10.15"]
[EventType "team-tourn"]
[EventRounds "11"]
[EventCountry "CZE"]
[SourceTitle "EXT 2022"]
[Source "ChessBase"]
[SourceDate "2021.10.06"]
[SourceVersion "1"]
[SourceVersionDate "2021.10.06"]
[SourceQuality "1"]
[WhiteTeam "Neratovice III"]
[BlackTeam "Decin"]
[WhiteTeamCountry "CZE"]
[BlackTeamCountry "CZE"]

1. e4 c5 2. Nc3 Nc6 3. f4 g6 4. Nf3 Bg7 5. Bb5 Nd4 6. Nxd4 cxd4 7. Ne2 e6 8. 0-0 Ne7 9. d3 a6 10. Ba4 b5 11. Bb3 d5 12. a4 Bb7 13. Ng3 f5 14. Qe1 Kf7 15. Bd2 Nc6 16. Rf2 Re8 17. e5 Bf8 18. Nf1 h5 19. h3 Be7 20. g3 b4 21. Rg2 a5 22. Nh2 Rh8 23. Nf3 Qb6 1/2-1/2

[Event "Valasska Bystrice op"]
[Site "Valasska Bystrice"]
[Date "2017.09.13"]
[Round "6"]
[White "Kucera, Michal"]
[Black "Mitura, Karel"]
[Result "0-1"]
[WhiteElo "1910"]
[BlackElo "2158"]
[PlyCount "112"]
[EventDate "2017.09.09"]
[EventType "swiss"]
[EventRounds "9"]
[EventCountry "CZE"]
[SourceTitle "CBM 180 Extra"]
[Source "ChessBase"]
[SourceDate "2017.10.06"]
[SourceVersion "1"]
[SourceVersionDate "2017.10.06"]
[SourceQuality "1"]

1. e4 c5 2. Nf3 Nc6 3. d4 cxd4 4. Nxd4 e5 5. Nb5 d6 6. c4 Be7 7. N1c3 a6 8. Na3 Be6 9. Be3 Bg5 10. Nc2 Bxe3 11. Nxe3 Nge7 12. Bd3 0-0 13. 0-0 Rc8 14. Ncd5 Nd4 15. b3 f6 16. Kh1 g6 17. Nxe7+ Qxe7 18. g4 Kg7 19. f4 Bf7 20. f5 g5 21. h4 h6 22. Kg2 b5 23. Rc1 Qb7 24. Nd5 Rc5 25. hxg5 hxg5 26. Rh1 bxc4 27. Bxc4 Bxd5 28. exd5 a5 29. Qe1 a4 30. Qe3 Qb4 31. Rh3 Rcc8 32. Rh5 axb3 33. axb3 Rh8 34. Rch1 Rxh5 35. Rxh5 Ra8 36. Rxg5+ Kf7 37. Rh5 Ra2+ 38. Kg3 Rc2 39. Rh7+ Kg8 40. Rh8+ Kf7 41. Rh7+ Kg8 42. Rh8+ Kxh8 43. Qh6+ Kg8 44. Qg6+ Kf8 45. Qxf6+ Ke8 46. Qh8+ Kd7 47. Qg7+ Kd8 48. Qf8+ Kc7 49. Qe7+ Kb6 50. Qd8+ Kc5 51. Qc7+ Nc6 52. Qxc6+ Kd4 53. Kh4 Rh2+ 54. Kg5 Qb8 55. Kf6 Qf8+ 56. Ke6 Rh6+ 0-1

[Event "Valasska Bystrice op"]
[Site "Valasska Bystrice"]
[Date "2017.09.09"]
[Round "1"]
[White "Mitura, Karel"]
[Black "Bartosek, Ivan"]
[Result "1/2-1/2"]
[WhiteElo "2158"]
[BlackElo "1701"]
[PlyCount "62"]
[EventDate "2017.09.09"]
[EventType "swiss"]
[EventRounds "9"]
[EventCountry "CZE"]
[SourceTitle "CBM 180 Extra"]
[Source "ChessBase"]
[SourceDate "2017.10.06"]
[SourceVersion "1"]
[SourceVersionDate "2017.10.06"]
[SourceQuality "1"]

1. e4 e5 2. Nc3 Bc5 3. Nf3 d6 4. g3 f5 5. d3 Nf6 6. Bg2 fxe4 7. Nxe4 Nxe4 8. dxe4 0-0 9. 0-0 Nc6 10. Bg5 Qe8 11. Nh4 Be6 12. Be3 Bxe3 13. fxe3 Qd7 14. Qd3 Nb4 15. Qd2 Nc6 16. b3 Qe7 17. c4 Qg5 18. a3 Nd4 19. Qd3 Nc6 20. b4 a6 21. Rac1 Rad8 22. Nf5 Rf7 23. Rc2 Rdf8 24. Rcf2 Kh8 25. h4 Qd8 26. h5 Qg5 27. Qe2 g6 28. hxg6 hxg6 29. Nh4 Qxg3 30. Rxf7 Rxf7 31. Rxf7 Bxf7 1/2-1/2

[Event "CZE-chT2F 1516"]
[Site "Czech Republic"]
[Date "2016.01.24"]
[Round "6.65"]
[White "Horsak, Jan"]
[Black "Mitura, Karel"]
[Result "1/2-1/2"]
[WhiteElo "2080"]
[BlackElo "2117"]
[PlyCount "48"]
[EventDate "2015.10.18"]
[EventType "team-tourn"]
[EventRounds "11"]
[EventCountry "CZE"]
[SourceTitle "EXT 2022"]
[Source "ChessBase"]
[SourceDate "2021.10.06"]
[SourceVersion "1"]
[SourceVersionDate "2021.10.06"]
[SourceQuality "1"]
[WhiteTeam "Stare Mesto II"]
[BlackTeam "Cesky Tesin"]
[WhiteTeamCountry "CZE"]
[BlackTeamCountry "CZE"]

1. c4 e5 2. Nc3 Nc6 3. g3 g6 4. Bg2 Bg7 5. d3 d6 6. Bd2 f5 7. Rb1 Nf6 8. b4 0-0 9. h4 Nd4 10. Qc1 c6 11. Nh3 Nh5 12. Bg5 Qe8 13. Bh6 f4 14. Bxg7 Kxg7 15. gxf4 exf4 16. Be4 Qe5 17. Qb2 Bf5 18. Ng5 Rae8 19. Kd2 Nf6 20. Bxf5 Qxf5 21. Nce4 Nxe4+ 22. Nxe4 Qe5 23. e3 fxe3+ 24. fxe3 d5 1/2-1/2

[Event "CZE-chT2F 1516"]
[Site "Czech Republic"]
[Date "2015.12.06"]
[Round "4.55"]
[White "Gemsa, Pavel"]
[Black "Mitura, Karel"]
[Result "1/2-1/2"]
[WhiteElo "1915"]
[BlackElo "2117"]
[PlyCount "43"]
[EventDate "2015.10.18"]
[EventType "team-tourn"]
[EventRounds "11"]
[EventCountry "CZE"]
[SourceTitle "EXT 2022"]
[Source "ChessBase"]
[SourceDate "2021.10.06"]
[SourceVersion "1"]
[SourceVersionDate "2021.10.06"]
[SourceQuality "1"]
[WhiteTeam "Benesov Dolni"]
[BlackTeam "Cesky Tesin"]
[WhiteTeamCountry "CZE"]
[BlackTeamCountry "CZE"]

1. e4 c5 2. Nc3 Nc6 3. f4 g6 4. Nf3 Bg7 5. Bc4 d6 6. 0-0 e6 7. f5 Nf6 8. fxe6 fxe6 9. d3 0-0 10. Bg5 Qc7 11. e5 Nxe5 12. Nxe5 dxe5 13. Bxf6 Bxf6 14. Qg4 Qe7 15. Ne4 Bd7 16. Kh1 Bg7 17. Ng5 Rae8 18. Rxf8+ Bxf8 19. Rf1 Bh6 20. Rf7 Qxg5 21. Qxg5 Bxg5 22. Rxd7 1/2-1/2

[Event "CZE-chT2F 1516"]
[Site "Czech Republic"]
[Date "2015.11.22"]
[Round "3.36"]
[White "Koziol, Kamil"]
[Black "Mitura, Karel"]
[Result "1/2-1/2"]
[WhiteElo "2262"]
[BlackElo "2117"]
[PlyCount "43"]
[EventDate "2015.10.18"]
[EventType "team-tourn"]
[EventRounds "11"]
[EventCountry "CZE"]
[SourceTitle "EXT 2022"]
[Source "ChessBase"]
[SourceDate "2021.10.06"]
[SourceVersion "1"]
[SourceVersionDate "2021.10.06"]
[SourceQuality "1"]
[WhiteTeam "Trinec II"]
[BlackTeam "Cesky Tesin"]
[WhiteTeamCountry "CZE"]
[BlackTeamCountry "CZE"]

1. e4 c5 2. Nf3 Nc6 3. d4 cxd4 4. Nxd4 e5 5. Nb5 d6 6. N5c3 Be7 7. Nd5 Nf6 8. Nbc3 0-0 9. Bc4 Nxd5 10. Nxd5 Kh8 11. 0-0 f5 12. exf5 Bxf5 13. Be3 Bg5 14. c3 e4 15. Qd2 Bxe3 16. Qxe3 Ne5 17. Be2 Qd7 18. Rad1 Rae8 19. Qg3 Re6 20. Ne3 Qe7 21. Nxf5 Rxf5 22. f4 1/2-1/2

[Event "Karvina op"]
[Site "Karvina"]
[Date "2011.07.10"]
[Round "9"]
[White "Mitura, Karel"]
[Black "Olsar, Jaroslav"]
[Result "0-1"]
[WhiteElo "2178"]
[BlackElo "2249"]
[PlyCount "76"]
[EventDate "2011.07.02"]
[EventType "swiss"]
[EventRounds "9"]
[EventCountry "CZE"]
[SourceTitle "CBM 143 Extra"]
[Source "ChessBase"]
[SourceDate "2011.08.29"]
[SourceVersion "1"]
[SourceVersionDate "2011.08.29"]
[SourceQuality "1"]

1. e4 e5 2. Nf3 Nc6 3. Nc3 Nf6 4. g3 Bc5 5. Bg2 d6 6. d3 a6 7. 0-0 Be6 8. h3 h6 9. Be3 Bxe3 10. fxe3 Ne7 11. Kh2 c6 12. d4 Qc7 13. Nh4 d5 14. Qf3 0-0-0 15. exd5 Nfxd5 16. Nxd5 Nxd5 17. Qf2 Ne7 18. Nf3 exd4 19. exd4 Nf5 20. Rac1 h5 21. h4 Nh6 22. Bh3 Bxh3 23. Kxh3 Ng4 24. Qd2 Rhe8 25. Rce1 Qd7 26. Kg2 Re6 27. Rxe6 Qxe6 28. Re1 Qxa2 29. Re7 Rd7 30. Re8+ Kc7 31. Qf4+ Kb6 32. Qg5 Rd5 33. Qxg7 Qxb2 34. Re2 Qb5 35. Rd2 Rf5 36. Qh7 Rxf3 37. Kxf3 Qf1+ 38. Ke4 Nf6+ 0-1

[Event "Karvina op"]
[Site "Karvina"]
[Date "2011.07.03"]
[Round "2"]
[White "Plat, Vojtech"]
[Black "Mitura, Karel"]
[Result "1-0"]
[WhiteElo "2410"]
[BlackElo "2178"]
[PlyCount "83"]
[EventDate "2011.07.02"]
[EventType "swiss"]
[EventRounds "9"]
[EventCountry "CZE"]
[SourceTitle "CBM 143 Extra"]
[Source "ChessBase"]
[SourceDate "2011.08.29"]
[SourceVersion "1"]
[SourceVersionDate "2011.08.29"]
[SourceQuality "1"]

1. e4 c5 2. Nf3 Nc6 3. Nc3 e5 4. Bc4 Be7 5. Nd5 Nf6 6. d3 d6 7. c3 0-0 8. h4 Nxd5 9. Bxd5 Be6 10. Ng5 Bxd5 11. exd5 Nb8 12. d4 cxd4 13. Qd3 Bxg5 14. hxg5 f5 15. gxf6 g6 16. Bg5 Rf7 17. Rxh7 Kxh7 18. 0-0-0 Rxf6 19. Qh3+ Kg7 20. Qh6+ Kf7 21. Qh7+ Ke8 22. Bxf6 Qxf6 23. Qxb7 dxc3 24. bxc3 Qxf2 25. Qxa8 Qe3+ 26. Kc2 Qf2+ 27. Kb1 Qb6+ 28. Ka1 Qc7 29. Rc1 Ke7 30. Rc2 e4 31. Rb2 Nd7 32. Qh8 Ne5 33. Qg7+ Kd8 34. Qxc7+ Kxc7 35. Re2 Kb6 36. Rxe4 Kc5 37. Rxe5 dxe5 38. c4 a5 39. Kb2 a4 40. Kc3 g5 41. g4 e4 42. a3 1-0

[Event "Imperia op-A 52th"]
[Site "Imperia"]
[Date "2010.09.02"]
[Round "6"]
[White "Cornaggia, Ranieri"]
[Black "Mitura, Karel"]
[Result "0-1"]
[WhiteElo "1994"]
[BlackElo "2049"]
[PlyCount "100"]
[EventDate "2010.08.29"]
[EventType "swiss"]
[EventRounds "9"]
[EventCountry "ITA"]
[SourceTitle "EXT 2024"]
[Source "ChessBase"]
[SourceDate "2023.10.10"]
[SourceVersion "1"]
[SourceVersionDate "2023.10.10"]
[SourceQuality "1"]

1. e4 c5 2. Nf3 Nc6 3. d4 cxd4 4. Nxd4 e5 5. Nb5 d6 6. N5c3 a6 7. Na3 b5 8. Nd5 Nge7 9. Be3 Nxd5 10. exd5 Ne7 11. c4 Nf5 12. Nc2 bxc4 13. Bxc4 Nxe3 14. Nxe3 Be7 15. 0-0 0-0 16. Rc1 Bg5 17. Rc3 f5 18. Nc2 Rb8 19. b4 Qe8 20. Qe2 f4 21. f3 Bd8 22. g4 fxg3 23. hxg3 Bh3 24. Rf2 Bb6 25. Ne3 Qg6 26. Kh2 Qh5 27. Kg1 Qg5 28. Kh2 Rf6 29. Ng2 Bxf2 30. Qxf2 Bxg2 31. Kxg2 Rh6 32. Bxa6 Qh5 33. Kf1 Qh1+ 34. Qg1 Rxb4 35. Qxh1 Rxh1+ 36. Kg2 Ra1 37. Rc2 Rab1 38. Rc8+ Kf7 39. Rc6 Rb6 40. Bc4 Rxc6 41. dxc6+ Ke7 42. Kf2 Rc1 43. Bd5 Rc5 44. Be4 g6 45. c7 Rxc7 46. Bd5 Rc5 47. Bg8 Kf6 48. Ke3 h5 49. Kd3 Ra5 50. a4 Rxa4 0-1

[Event "Imperia op-A 52th"]
[Site "Imperia"]
[Date "2010.08.30"]
[Round "2"]
[White "Brih, Said"]
[Black "Mitura, Karel"]
[Result "1-0"]
[WhiteElo "2352"]
[BlackElo "2049"]
[PlyCount "101"]
[EventDate "2010.08.29"]
[EventType "swiss"]
[EventRounds "9"]
[EventCountry "ITA"]
[SourceTitle "EXT 2024"]
[Source "ChessBase"]
[SourceDate "2023.10.10"]
[SourceVersion "1"]
[SourceVersionDate "2023.10.10"]
[SourceQuality "1"]

1. Nf3 Nf6 2. b4 d6 3. Bb2 e5 4. e3 g6 5. c4 Bg7 6. d3 0-0 7. Be2 Nc6 8. b5 Ne7 9. Nc3 Nd7 10. d4 b6 11. 0-0 Bb7 12. Qc2 h6 13. Rfd1 f5 14. dxe5 dxe5 15. c5 bxc5 16. Bc4+ Kh7 17. Be6 Bc8 18. Qd2 Rf6 19. Bxd7 Rd6 20. Qc2 Bxd7 21. Na4 Bxb5 22. Nxc5 Qh8 23. Qb3 Bc6 24. Qf7 Bxf3 25. gxf3 Qf8 26. Qxf8 Rxf8 27. Rxd6 cxd6 28. Ne6 Rc8 29. Rd1 Rc6 30. f4 Bh8 31. Ba3 Nc8 32. Nf8+ Kg7 33. fxe5 Kxf8 34. exd6 Nxd6 35. Bxd6+ Kf7 36. Bb4 Rc7 37. Rd8 Bg7 38. Bd6 Rc1+ 39. Kg2 Rd1 40. a4 Ke6 41. Re8+ Kf7 42. Re7+ Kf6 43. Rd7 Rd5 44. f4 Ke6 45. Rxg7 Rxd6 46. Rxg6+ Kd5 47. Rxd6+ Kxd6 48. Kf3 Kd5 49. h3 h5 50. a5 a6 51. h4 1-0

[Event "Imperia op-A 51st"]
[Site "Imperia"]
[Date "2009.09.04"]
[Round "7"]
[White "Holecek, Vladimir"]
[Black "Mitura, Karel"]
[Result "0-1"]
[WhiteElo "2073"]
[BlackElo "2017"]
[PlyCount "78"]
[EventDate "2009.08.30"]
[EventType "swiss"]
[EventRounds "9"]
[EventCountry "ITA"]
[SourceTitle "EXT 2011"]
[Source "ChessBase"]
[SourceDate "2010.11.26"]
[SourceVersion "1"]
[SourceVersionDate "2010.11.26"]
[SourceQuality "1"]

1. d4 Nf6 2. c4 g6 3. Nc3 Bg7 4. e4 d6 5. Be2 0-0 6. f4 c5 7. d5 a6 8. Nf3 b5 9. e5 dxe5 10. fxe5 Ng4 11. cxb5 Nxe5 12. 0-0 Nbd7 13. Bf4 axb5 14. Bxb5 Qb6 15. Nxe5 Nxe5 16. Kh1 Ba6 17. Qe2 Bxb5 18. Nxb5 Nd7 19. a4 Nf6 20. Rfd1 Qb7 21. Nc3 Rfd8 22. d6 exd6 23. Bxd6 Qc6 24. Bg3 Nh5 25. Bf2 Rxd1+ 26. Qxd1 Nf4 27. Qf3 Qxf3 28. gxf3 Nd3 29. Bg1 Nxb2 30. Ne4 Nxa4 31. Rc1 Rc8 32. Nxc5 Nxc5 33. Rxc5 Rxc5 34. Bxc5 f5 35. Kg2 Kf7 36. h3 Ke6 37. Bb4 Be5 38. Bd2 f4 39. Be1 g5 0-1

[Event "Imperia op-A 51st"]
[Site "Imperia"]
[Date "2009.08.30"]
[Round "1"]
[White "Mitura, Karel"]
[Black "Di Paolo, Raffaele"]
[Result "0-1"]
[WhiteElo "2017"]
[BlackElo "2318"]
[PlyCount "56"]
[EventDate "2009.08.30"]
[EventType "swiss"]
[EventRounds "9"]
[EventCountry "ITA"]
[SourceTitle "EXT 2011"]
[Source "ChessBase"]
[SourceDate "2010.11.26"]
[SourceVersion "1"]
[SourceVersionDate "2010.11.26"]
[SourceQuality "1"]

1. e4 e6 2. d4 d5 3. Nc3 Bb4 4. e5 c5 5. a3 Bxc3+ 6. bxc3 Ne7 7. Nf3 b6 8. Bb5+ Bd7 9. Bd3 c4 10. Bf1 Ba4 11. h4 Nbc6 12. g3 h6 13. h5 Kd7 14. Bh3 Qg8 15. Kf1 Qh7 16. Ra2 Kc7 17. Kg1 Kb7 18. Nh4 Raf8 19. Ng2 Nd8 20. Bf4 g5 21. Bc1 f5 22. exf6 Rxf6 23. Ne3 Rhf8 24. Ng4 Rf3 25. Be3 Qe4 26. Qe2 Nf5 27. Bg2 Nxg3 28. fxg3 Rxg3 0-1

[Event "Stare Mesto op"]
[Site "Stare Mesto"]
[Date "2008.08.16"]
[Round "10"]
[White "Mitura, Karel"]
[Black "Krawczyk, Andrzej Jr"]
[Result "0-1"]
[WhiteElo "1982"]
[BlackElo "2161"]
[PlyCount "57"]
[EventDate "2008.08.08"]
[EventType "swiss"]
[EventRounds "10"]
[EventCountry "CZE"]
[SourceTitle "CBM 125 Extra"]
[Source "ChessBase"]
[SourceDate "2008.09.01"]
[SourceVersion "1"]
[SourceVersionDate "2008.09.01"]
[SourceQuality "1"]

1. e4 e6 2. d4 d5 3. Nc3 Bb4 4. e5 c5 5. a3 Bxc3+ 6. bxc3 Ne7 7. Nf3 Nbc6 8. h4 Bd7 9. h5 h6 10. Bd3 Qc7 11. Be3 0-0-0 12. Qd2 f6 13. Bf4 Qa5 14. dxc5 Qxc5 15. 0-0 Be8 16. Rfb1 fxe5 17. Nxe5 d4 18. cxd4 Nxd4 19. Rb4 Nec6 20. Rc4 Qe7 21. Qe3 Rf8 22. c3 Nb3 23. Rxc6+ Bxc6 24. Nxc6 bxc6 25. Ba6+ Kd7 26. Rd1+ Ke8 27. Bd3 Rd5 28. Bg6+ Kd8 29. Qe5 0-1